000 00499nam a22001697a 4500
005 20251108165323.0
008 250721s1984 xx 000 0 ara d
082 1 4 _a956.62/صنع
100 1 _aالصنعاني، محمد بن محمد بن يحيى
245 1 0 _aالأنباء عن دولة بلقيس و سبأ /
264 1 _aاليمن :
_bالدار اليمنيه،
_c1984.
300 _a278ص
650 1 7 _aاليمن
650 1 7 _aالتاريخ
942 _2ddc
_cBK
999 _c25015
_d25015